000 00242nam a2200097Ia 4500
005 20251222175817.0
008 251222s9999||||xx |||||||||||||| ||spa||
082 _aDVD0010/F89/2001
245 0 _aDía de entrenamiento :Training Day
942 _cDVD
999 _c40368
_d40368